[Collection of photographs showing the interior and exterior of the extension to the College of Estate Management, including the opening ceremony] (Record no. 116548)

MARC details
000 -LEADER
fixed length control field 00632ckc a22002055a 4500
001 - CONTROL NUMBER
control field L141019
008 - FIXED-LENGTH DATA ELEMENTS--GENERAL INFORMATION
fixed length control field 071025n xxk eng u
035 ## - SYSTEM CONTROL NUMBER
System control number (Sirsi) u141019
041 0# - LANGUAGE CODE
Language code of text/sound track or separate title eng
110 2# - MAIN ENTRY--CORPORATE NAME
Corporate name or jurisdiction name as entry element Wakefields Ltd
9 (RLIN) 5419
245 01 - TITLE STATEMENT
Title [Collection of photographs showing the interior and exterior of the extension to the College of Estate Management, including the opening ceremony]
Medium [graphic]
260 ## - PUBLICATION, DISTRIBUTION, ETC.
Date of publication, distribution, etc. [ca. 1950]
300 ## - PHYSICAL DESCRIPTION
Extent 12 photographs
Other physical details b&w
Dimensions 16 x 21 cm.
340 ## - PHYSICAL MEDIUM
Material base and configuration Photograph
351 ## - ORGANIZATION AND ARRANGEMENT OF MATERIALS
Hierarchical level Fonds
610 24 - SUBJECT ADDED ENTRY--CORPORATE NAME
Corporate name or jurisdiction name as entry element College of Estate Management
9 (RLIN) 400
651 4# - SUBJECT ADDED ENTRY--GEOGRAPHIC NAME
Geographic name London
690 ## - LOCAL SUBJECT ADDED ENTRY--TOPICAL TERM (OCLC, RLIN)
Topical term or geographic name as entry element ABOUT RICS
942 ## - ADDED ENTRY ELEMENTS (KOHA)
Suppress in OPAC 0
Holdings
Withdrawn status Lost status Source of classification or shelving scheme Damaged status Not for loan Home library Current library Shelving location Date acquired Total Checkouts Full call number Barcode Date last seen Copy number Price effective from Koha item type
    Dewey Decimal Classification     Historic collection Historic collection Historic collection 25/10/2007   MAP CABINET DRAWER 2 141019-2001 06/08/2019 1 06/08/2019 Archive